LEADER 01145nam a2200253 a 4500 001 000000169018 003 CaOOAMICUS 005 20180910094147.0 008 180910s1952 it ag 000 u ita r 032 $aLibriCat 040 $aPul$bita 245 00$aPoesia latina medievale :$bintroduzione, testi, traduzione, note, trascrizioni musicali /$ca cura di Giuseppe Vecchi . 260 $aParma :$bGuanda,$cİ1952. 300 $aXXXVI, 410 p., $bmus., ill. ; $c24 cm. 490 1 $aFenice. Edizione fuori serie ;$v17 650 4$aPoesia latina medievale$xStoria e critica.$0(OLS)http://pul/subject/28973 700 1 $aVecchi, Giuseppe.$0(OLS)http://pul/name/8966 830 0$aFenice. $pEdizione fuori serie ;$v17.$0(OLS)http://pul/title/209560 850 $aPUL 852 $aPUL$W1$xDP1 Fondo Dalla Palma$y117$m9 B 99$j177841$qFondi$B196979$CPULBib$Z2$F196979 $HDal1039 $81 941 1 $a1 996 $6245$aPoesia latina medievale :$bintroduzione, testi, traduzione, note, trascrizioni musicali$9(OLS)http://pul/title/209561 996 $6260$aParma :$bGuanda$9(OLS)http://pul/publisher/49323 LEADER 01342nam a2200277 a 4500 001 000000169087 003 CaOOAMICUS 005 20180912112636.0 008 180912s1953 it 000 u ita r 032 $aLibriCat 040 $aPUL$bita 100 1 $aDe Sanctis, Francesco,$d1817-1883.$0(OLS)http://pul/name/12622 245 13$aLa scuola cattolico-liberale e il romanticismo a Napoli / $cFrancesco De Sanctis ; a cura di Carlo Muscetta e Giorgio Candeloro . 260 $aTorino :$bEinaudi,$c1953. 300 $aLIX, 425 p. ; $c23 cm. 490 1 $aOpere di Francesco de Sanctis. La letteratura italiana nel secolo decimononono $a11 700 1 $aCandeloro, Giorgio,$d1909-1988.$0(OLS)http://pul/name/40407 700 1 $aMuscetta, Carlo,$d1912-2004.$0(OLS)http://pul/name/5891 830 0$aOpere di Francesco de Sanctis$pLa letteratura italiana nel secolo decimononono ;$v11.$0(OLS)http://pul/title/209649 850 $aPUL 852 $aPUL$W1$xDP1 Fondo Dalla Palma$y117$m9 C 52$j44681$qFondi$B197056$CPULBib$Z2$F197056 $HDal1939 $81 900 $aDe Santis, Francesco,$d1817-1883$912622 941 1 $a1 996 $6245$aLa scuola cattolico-liberale e il romanticismo a Napoli / $9(OLS)http://pul/title/209648 996 $6260$aTorino :$bEinaudi$9(OLS)http://pul/publisher/48130